[Event "Germain Laplante op"]
[Site "Chambly CAN"]
[Date "2023.04.30"]
[Round "4.2"]
[White "Singher, Jean-Pierre"]
[Black "Hebert, Jean"]
[Result "1/2-1/2"]
[WhiteElo "2022"]
[BlackElo "2392"]
[PlyCount "81"]
[GameId "2160767907224508"]
[EventDate "2023.04.28"]
[EventType "swiss"]
[EventRounds "5"]
[EventCountry "CAN"]

1. d4 Nf6 2. Nf3 c5 3. c3 b6 4. Bf4 Bb7 5. e3 g6 6. Bc4 cxd4 7. exd4 Bg7 8. O-O O-O 9. Nbd2 d6 10. Re1 Nc6 11. h3 Rc8 12. Qe2 Rc7 13. Rad1 Na5 14. Bd3 Qa8 15. c4 Nh5 16. Bh2 Nc6 17. Nb3 Nb4 18. d5 Nxa2 19. Qd2 a5 20. Nbd4 Nb4 21. Nb5 Rd7 22. Bf1 Qc8 23. g4 Nf6 24. Nfd4 h5 25. g5 Nfxd5 26. cxd5 Bxd5 27. Bg2 Bxg2 28. Kxg2 Qc5 29. Na3 Bxd4 30. Qxd4 Qxg5+ 31. Bg3 Qc5 32. Qd2 Kg7 33. Nb1 Qf5 34. Nc3 f6 35. Nd5 Nxd5 36. Qxd5 Rc8 37. Re3 Rc5 38. Qa8 e5 39. Qb8 Qe6 40. Qxb6 Rd5 41. Qb3 1/2-1/2

[Event "Germain Laplante op"]
[Site "Chambly CAN"]
[Date "2023.04.30"]
[Round "5.2"]
[White "Hebert, Jean"]
[Black "Dukic, Zachary"]
[Result "0-1"]
[WhiteElo "2392"]
[BlackElo "2350"]
[PlyCount "56"]
[GameId "2160767907224519"]
[EventDate "2023.04.28"]
[EventType "swiss"]
[EventRounds "5"]
[EventCountry "CAN"]

1. Nf3 Nf6 2. c4 g6 3. Nc3 Bg7 4. e4 d6 5. d4 O-O 6. h3 e5 7. d5 Nh5 8. g3 f5 9. Bg2 Na6 10. exf5 gxf5 11. O-O Qe8 12. Re1 e4 13. Nd4 Qg6 14. Ne6 Bxe6 15. dxe6 Bxc3 16. bxc3 Nc5 17. Qd5 Nf6 18. Qd1 Rae8 19. Be3 Nd3 20. Re2 Rxe6 21. Rd2 Ne5 22. Qa4 Nh5 23. Kh2 f4 24. gxf4 Nxf4 25. Bxf4 Rxf4 26. Qxa7 Qg5 27. Qe3 Rg6 28. Qg3 Qh6 0-1

[Event "Le Blanc et Noir de St-Jean"]
[Site "St-Jean CAN"]
[Date "2020.01.18"]
[Round "2.5"]
[White "Hebert, Jean"]
[Black "Richard, Leo"]
[Result "1-0"]
[WhiteElo "2405"]
[BlackElo "2001"]
[PlyCount "59"]
[GameId "2160767907702469"]
[EventDate "2020.01.17"]
[EventType "swiss"]
[EventRounds "5"]
[EventCountry "CAN"]

1. Nf3 Nf6 2. c4 g6 3. Nc3 d5 4. d4 Bg7 5. cxd5 Nxd5 6. Bd2 c5 7. e4 Nxc3 8. Bxc3 O-O 9. d5 Bxc3+ 10. bxc3 Qa5 11. Qd2 b5 12. Be2 Rd8 13. O-O a6 14. a4 b4 15. cxb4 cxb4 16. Rfb1 e6 17. Qh6 Nd7 18. Nd4 Qc5 19. Nc6 Re8 20. Nxb4 exd5 21. Nxd5 Rxe4 22. Ne3 Ne5 23. Rc1 Qe7 24. Nd5 Qd8 25. Nc3 Ng4 26. Bxg4 Rxg4 27. Rd1 Bd7 28. Qe3 Qe8 29. Nd5 Qd8 30. Qe5 1-0

[Event "Le Blanc et Noir de St-Jean"]
[Site "St-Jean CAN"]
[Date "2020.01.18"]
[Round "3.3"]
[White "Chabot, Roland"]
[Black "Hebert, Jean"]
[Result "1/2-1/2"]
[WhiteElo "2172"]
[BlackElo "2405"]
[PlyCount "66"]
[GameId "2160767907702477"]
[EventDate "2020.01.17"]
[EventType "swiss"]
[EventRounds "5"]
[EventCountry "CAN"]

1. d4 Nf6 2. Bg5 Ne4 3. h4 c5 4. d5 Qb6 5. Nd2 Nxd2 6. Bxd2 d6 7. e4 e5 8. dxe6 Bxe6 9. Bc3 Nc6 10. Ne2 O-O-O 11. Nf4 Nd4 12. Qd2 d5 13. Bxd4 dxe4 14. Nxe6 fxe6 15. Qc3 Rxd4 16. Be2 Be7 17. Qh3 Bf6 18. O-O Rd2 19. Bc4 Rxc2 20. Bxe6+ Kb8 21. a4 Rf8 22. a5 Qc7 23. Bd5 Rxb2 24. Rab1 Rb4 25. Rxb4 cxb4 26. a6 bxa6 27. Bxe4 Rd8 28. Qb3 a5 29. g3 a6 30. Bg2 Ka7 31. Kh2 Bc3 32. Rd1 Rxd1 33. Qxd1 Be5 1/2-1/2

[Event "Brome-Missisquoi op"]
[Site "Granby CAN"]
[Date "2019.11.22"]
[Round "1.2"]
[White "Turcotte, Jonathan"]
[Black "Hebert, Jean"]
[Result "0-1"]
[WhiteElo "2068"]
[BlackElo "2401"]
[PlyCount "66"]
[GameId "2160767907702975"]
[EventDate "2019.11.22"]
[EventType "swiss"]
[EventRounds "5"]
[EventCountry "CAN"]

1. d4 Nf6 2. c4 e6 3. Nf3 b6 4. g3 Ba6 5. b3 Bb4+ 6. Bd2 Be7 7. Bg2 c6 8. Ne5 O-O 9. O-O d5 10. Bc3 Nfd7 11. Nxd7 Nxd7 12. Nd2 Rc8 13. e4 dxc4 14. bxc4 b5 15. Re1 Nb6 16. c5 Na4 17. Qc2 e5 18. dxe5 Bxc5 19. Nb3 Qe7 20. Bh3 Nxc3 21. Bxc8 Bxc8 22. Qxc3 Bb4 23. Qxc6 Bxe1 24. Rxe1 Qxe5 25. Qd5 Qc3 26. Rc1 Qb2 27. Qxb5 Be6 28. Rc7 Qxa2 29. Nc1 Qa1 30. Kg2 a5 31. Nd3 Qd4 32. Nc5 Bc4 33. Qa4 h6 0-1

[Event "Brome-Missisquoi op"]
[Site "Granby CAN"]
[Date "2019.11.23"]
[Round "2.2"]
[White "Hebert, Jean"]
[Black "Saha, Ananda"]
[Result "1-0"]
[WhiteElo "2401"]
[BlackElo "2266"]
[PlyCount "73"]
[GameId "2160767907702982"]
[EventDate "2019.11.22"]
[EventType "swiss"]
[EventRounds "5"]
[EventCountry "CAN"]

1. d4 e6 2. c4 Bb4+ 3. Bd2 a5 4. Nf3 Nf6 5. g3 d6 6. Bg2 Nbd7 7. O-O e5 8. Bg5 exd4 9. Nxd4 O-O 10. a3 Bc5 11. Nc3 h6 12. Bf4 Ne5 13. Na4 Ng6 14. Bc1 Bxd4 15. Qxd4 Bd7 16. Nc3 Bc6 17. e4 Nd7 18. b3 Nc5 19. Rb1 a4 20. b4 Ne6 21. Qd2 Ne5 22. Qa2 Nd4 23. f4 Ng4 24. h3 Nf6 25. Qf2 Nb3 26. Bb2 Re8 27. Rbe1 Nh7 28. Rd1 Qc8 29. Kh2 Nf8 30. f5 Nh7 31. b5 Bd7 32. Nd5 Qd8 33. f6 g5 34. Qf3 g4 35. Qf4 Nc5 36. Qxh6 Ne6 37. Rf4 1-0

[Event "Brome-Missisquoi op"]
[Site "Granby CAN"]
[Date "2019.11.23"]
[Round "3.1"]
[White "Rodrigue-Lemieux, Shawn"]
[Black "Hebert, Jean"]
[Result "0-1"]
[WhiteElo "2385"]
[BlackElo "2401"]
[PlyCount "78"]
[GameId "2160767907702989"]
[EventDate "2019.11.22"]
[EventType "swiss"]
[EventRounds "5"]
[EventCountry "CAN"]

1. c4 c5 2. g3 Nc6 3. Bg2 g6 4. Nc3 Bg7 5. d3 a6 6. Nf3 d6 7. O-O Rb8 8. a4 Nf6 9. Bd2 O-O 10. Qc1 Bg4 11. h3 Bxf3 12. exf3 Nd4 13. Qd1 e6 14. f4 b5 15. cxb5 axb5 16. Nxb5 Nxb5 17. axb5 Rxb5 18. Bc3 Qb6 19. d4 c4 20. Ra4 d5 21. Qd2 Rb8 22. Rfa1 Qd8 23. Bf3 Ne8 24. Ra7 R5b7 25. Rxb7 Rxb7 26. Ra6 Nc7 27. Ra4 Qb8 28. h4 Nb5 29. h5 f5 30. Qe3 Kf7 31. Kg2 Ra7 32. Rb4 Bf8 33. g4 Bxb4 34. Bxb4 Nd6 35. Bc5 Rb7 36. Ba3 fxg4 37. Bxg4 Nf5 38. Qh3 Qxf4 39. hxg6+ Kg8 0-1

[Event "Brome-Missisquoi op"]
[Site "Granby CAN"]
[Date "2019.11.24"]
[Round "4.1"]
[White "Hebert, Jean"]
[Black "Duong, Thanh Nha"]
[Result "1-0"]
[WhiteElo "2401"]
[BlackElo "2272"]
[PlyCount "115"]
[GameId "2160767907702998"]
[EventDate "2019.11.22"]
[EventType "swiss"]
[EventRounds "5"]
[EventCountry "CAN"]

1. Nf3 Nf6 2. c4 c5 3. Nc3 d6 4. d4 cxd4 5. Nxd4 g6 6. g3 Nc6 7. Bg2 Nxd4 8. Qxd4 Bg7 9. O-O O-O 10. Qd3 a6 11. Bd2 Rb8 12. a4 Bf5 13. e4 Be6 14. b3 Nd7 15. Rab1 Ne5 16. Qe2 Rc8 17. Nd5 Bxd5 18. exd5 Qd7 19. Rfe1 Rfe8 20. h4 Qf5 21. Kh2 Qd3 22. Bh3 Qxe2 23. Rxe2 Rb8 24. b4 Nd3 25. Be3 b6 26. f4 a5 27. bxa5 bxa5 28. Rb5 Nb2 29. Bd7 Red8 30. Rxb8 Rxb8 31. Bb5 Nd3 32. Bd2 Kf8 33. Bxa5 Nc1 34. Re1 Nb3 35. Bb4 Nd4 36. Rd1 Nc2 37. Bd2 e6 38. dxe6 fxe6 39. Rc1 Nd4 40. Bb4 Ke7 41. Kh3 e5 42. fxe5 Bxe5 43. Re1 Ke6 44. Bc3 Kf6 45. g4 h6 46. a5 Ne6 47. Bxe5+ dxe5 48. a6 Ra8 49. Ra1 Ra7 50. Kg3 Nc5 51. Kf3 Ke6 52. Ke3 Ke7 53. Rf1 Ra8 54. Ra1 Ra7 55. g5 hxg5 56. hxg5 Ne6 57. Rd1 Nxg5 58. Rd7+ 1-0

[Event "Brome-Missisquoi op"]
[Site "Granby CAN"]
[Date "2019.11.24"]
[Round "5.1"]
[White "Chiku-Ratte, Olivier-Kenta"]
[Black "Hebert, Jean"]
[Result "1-0"]
[WhiteElo "2489"]
[BlackElo "2401"]
[PlyCount "109"]
[GameId "2160767907703007"]
[EventDate "2019.11.22"]
[EventType "swiss"]
[EventRounds "5"]
[EventCountry "CAN"]
[SourceTitle "hb 2019"]

1. d4 d5 2. c4 c6 3. Nf3 Nf6 4. e3 e6 5. Bd3 Nbd7 6. O-O Be7 7. Nc3 O-O 8. Qc2 dxc4 9. Bxc4 b5 10. Bd3 Bb7 11. e4 b4 12. Na4 g6 13. Bh6 Re8 14. Nc5 Nxc5 15. dxc5 Qa5 16. Rac1 Nd7 17. Be3 Qc7 18. Bd4 e5 19. Be3 a5 20. Rfd1 Ba6 21. Bxa6 Rxa6 22. Qc4 Ra7 23. Rxd7 Qxd7 24. Nxe5 Qe6 25. Qxe6 fxe6 26. Nxc6 Ra6 27. Nxe7+ Rxe7 28. Kf1 Rd7 29. Ke2 Kf7 30. Bf4 Rc6 31. Be5 g5 32. f3 Rd8 33. Bg3 Rdc8 34. Bf2 Rd8 35. Be3 e5 36. Kf2 Rg8 37. Rd1 Ke6 38. Rd5 g4 39. f4 exf4 40. Bxf4 Rgc8 41. Be3 Kf7 42. Bd4 Re6 43. Ke3 Rce8 44. Rf5+ Kg6 45. Rf4 h5 46. Kd3 a4 47. Kc4 Rxe4 48. Rxe4 Rxe4 49. c6 Kf7 50. Kd5 Re8 51. c7 Ke7 52. Kc6 Rc8 53. Bc5+ Ke6 54. Bxb4 Re8 55. Be1 1-0

[Event "Mauricie op"]
[Site "Trois-Rivieres CAN"]
[Date "2019.03.15"]
[Round "1.2"]
[White "Hebert, Jean"]
[Black "Tanaka, Tyler"]
[Result "1/2-1/2"]
[WhiteElo "2384"]
[BlackElo "2172"]
[PlyCount "102"]
[GameId "2160767907968646"]
[EventDate "2019.03.15"]
[EventType "swiss"]
[EventRounds "5"]
[EventCountry "CAN"]
[SourceTitle "EXT 2022"]
[Source "ChessBase"]
[SourceDate "2021.10.06"]
[SourceVersion "1"]
[SourceVersionDate "2021.10.06"]
[SourceQuality "1"]

1. d4 Nf6 2. c4 g6 3. Nc3 Bg7 4. e4 d6 5. Be2 O-O 6. Be3 c5 7. Nf3 cxd4 8. Nxd4 Nc6 9. O-O Bd7 10. Nb3 a5 11. a4 Nb4 12. f3 Bc6 13. Qd2 Nd7 14. Rfc1 b6 15. Nd4 Nc5 16. Ra3 Rc8 17. Nd5 Bxd4 18. Bxd4 e5 19. Be3 Bxd5 20. cxd5 f5 21. exf5 gxf5 22. Bg5 Qe8 23. Bb5 Qg6 24. Be7 Rf7 25. f4 Kh8 26. Rg3 Qh6 27. Bg5 Qf8 28. fxe5 Ne4 29. Qd4 Rxc1+ 30. Bxc1 Nxg3 31. hxg3 Qg7 32. Bf4 h6 33. Qd2 dxe5 34. Bxh6 Qg6 35. d6 f4 36. d7 Rxd7 37. Qxd7 Qxh6 38. Qe8+ Kh7 39. Bd7 Qf6 40. g4 Kg7 41. Be6 Kh6 42. Qg8 f3 43. Bf5 Qd6 44. Kh2 fxg2 45. Kxg2 Qd2+ 46. Kg1 Qc1+ 47. Kh2 Qxb2+ 48. Kh3 Qc3+ 49. Kh2 Qd2+ 50. Kh3 Qc3+ 51. Kh2 Qb2+ 1/2-1/2

[Event "Mauricie op"]
[Site "Trois-Rivieres CAN"]
[Date "2019.03.16"]
[Round "2.2"]
[White "Luksza, Arkadiusz"]
[Black "Hebert, Jean"]
[Result "1/2-1/2"]
[WhiteElo "2190"]
[BlackElo "2393"]
[PlyCount "122"]
[GameId "2160767907968664"]
[EventDate "2019.03.15"]
[EventType "swiss"]
[EventRounds "5"]
[EventCountry "CAN"]
[SourceTitle "EXT 2022"]
[Source "ChessBase"]
[SourceDate "2021.10.06"]
[SourceVersion "1"]
[SourceVersionDate "2021.10.06"]
[SourceQuality "1"]

1. d4 Nf6 2. Bg5 Ne4 3. Bf4 c5 4. f3 Nf6 5. d5 d6 6. e4 e5 7. Be3 g6 8. c4 Na6 9. Nc3 Nh5 10. Nge2 f5 11. exf5 gxf5 12. Qd2 Bg7 13. Ng3 Nxg3 14. hxg3 Qf6 15. Bh6 Bd7 16. O-O-O Nc7 17. g4 Rg8 18. Bd3 Bh8 19. gxf5 Bxf5 20. Ne4 Bxe4 21. Bxe4 Qf7 22. Qc2 b5 23. g4 O-O-O 24. Rh3 Bf6 25. cxb5 Nxb5 26. Be3 Rg7 27. Rdh1 Nd4 28. Bxd4 exd4 29. Rxh7 Qb7 30. Rxg7 Bxg7 31. Rh7 Rf8 32. Qb3 Qxb3 33. axb3 Be5 34. Rxa7 Kb8 35. Rh7 d3 36. Kd2 Bxb2 37. Kxd3 Ka8 38. Rd7 Be5 39. g5 Rb8 40. Kc2 Rb7 41. Rxb7 Kxb7 42. Kd3 Bf4 43. g6 Bh6 44. f4 Kc7 45. Bf3 Kd8 46. Ke4 Ke7 47. Kf5 Bg7 48. Kg5 Kf8 49. Bg4 Ke7 50. f5 Bf6+ 51. Kh6 Kf8 52. Bh3 Bg7+ 53. Kh7 Bf6 54. Kh6 Bg7+ 55. Kg5 Ke7 56. Bf1 Bf6+ 57. Kh6 Kf8 58. Bb5 Bg7+ 59. Kg5 Ke7 60. Bc6 Bf6+ 61. Kh6 Kf8 1/2-1/2

[Event "Mauricie op"]
[Site "Trois-Rivieres CAN"]
[Date "2019.03.16"]
[Round "3.7"]
[White "Hebert, Jean"]
[Black "Soudre, Nicolas"]
[Result "1-0"]
[WhiteElo "2393"]
[BlackElo "2188"]
[PlyCount "71"]
[GameId "2160767907968673"]
[EventDate "2019.03.15"]
[EventType "swiss"]
[EventRounds "5"]
[EventCountry "CAN"]
[SourceTitle "EXT 2022"]
[Source "ChessBase"]
[SourceDate "2021.10.06"]
[SourceVersion "1"]
[SourceVersionDate "2021.10.06"]
[SourceQuality "1"]

1. Nf3 d5 2. g3 e6 3. Bg2 Nf6 4. O-O Be7 5. d3 O-O 6. Nbd2 c5 7. e4 Nc6 8. Re1 b5 9. e5 Nd7 10. Nf1 a5 11. h4 b4 12. N1h2 Ba6 13. h5 a4 14. h6 g6 15. a3 bxa3 16. bxa3 f6 17. exf6 Bxf6 18. Rb1 Nd4 19. Nxd4 Bxd4 20. Nf3 Qf6 21. Qe2 Rae8 22. Nxd4 cxd4 23. Rb4 Kh8 24. Rxa4 Bb5 25. Ra5 Bc6 26. Ra6 Nb8 27. Rb6 g5 28. f4 g4 29. Bb2 Kg8 30. Qxg4+ Kf7 31. Qh5+ Qg6 32. Bf3 Ke7 33. Qxg6 hxg6 34. Bxd4 g5 35. Bg4 Kd7 36. fxg5 1-0

[Event "Montreal Winter Classic"]
[Site "Montreal CAN"]
[Date "2019.01.02"]
[Round "1"]
[White "Hebert, Jean"]
[Black "Duong, Thanh Nha"]
[Result "1/2-1/2"]
[WhiteElo "2369"]
[BlackElo "2238"]
[PlyCount "41"]
[GameId "2160767908027053"]
[EventDate "2019.01.02"]
[EventType "tourn"]
[EventRounds "9"]
[EventCountry "CAN"]
[SourceTitle "CBM 188 Extra"]
[Source "ChessBase"]
[SourceDate "2019.02.28"]
[SourceVersion "1"]
[SourceVersionDate "2019.02.28"]
[SourceQuality "1"]

1. d4 Nf6 2. c4 e6 3. Nf3 d5 4. Bg5 Bb4+ 5. Nc3 dxc4 6. Qa4+ Nc6 7. e3 Bd7 8. Qc2 b5 9. a4 a6 10. Bxf6 gxf6 11. Be2 Ne7 12. O-O Bc6 13. Rfd1 Bxc3 14. bxc3 Qd5 15. Ne1 Qf5 16. Qxf5 Nxf5 17. Nc2 Rg8 18. f3 Nh4 19. Ne1 f5 20. Kf2 Kd7 21. Rdb1 1/2-1/2

[Event "Montreal Winter Classic"]
[Site "Montreal CAN"]
[Date "2019.01.03"]
[Round "2"]
[White "Ragnarsson, Dagur"]
[Black "Hebert, Jean"]
[Result "1/2-1/2"]
[WhiteElo "2327"]
[BlackElo "2369"]
[PlyCount "141"]
[GameId "2160767908027057"]
[EventDate "2019.01.02"]
[EventType "tourn"]
[EventRounds "9"]
[EventCountry "CAN"]
[SourceTitle "CBM 188 Extra"]
[Source "ChessBase"]
[SourceDate "2019.02.28"]
[SourceVersion "1"]
[SourceVersionDate "2019.02.28"]
[SourceQuality "1"]

1. e4 d6 2. d4 g6 3. Nc3 c6 4. f4 d5 5. e5 h5 6. Nf3 Nh6 7. Bd3 Bf5 8. O-O e6 9. Be3 Nd7 10. Bxf5 Nxf5 11. Bf2 c5 12. Ne2 Rc8 13. c4 Nb6 14. cxd5 Nxd5 15. Qa4+ Qd7 16. Qxa7 c4 17. Ng5 Be7 18. Ne4 O-O 19. Qa5 Kg7 20. Qd2 Rfd8 21. a3 b5 22. N4g3 Nh6 23. h3 h4 24. Ne4 Nf5 25. Rfd1 Qc6 26. N4c3 Nxc3 27. Qxc3 Qb7 28. Kf1 Rd5 29. Qf3 b4 30. axb4 Bxb4 31. Rdc1 Qd7 32. Rc2 Ba5 33. Rac1 Rb8 34. Qa3 Rb3 35. Qa2 Qb7 36. Rxc4 Rxb2 37. Qa3 Rb3 38. Qa4 Rb1 39. Qc6 Qb3 40. Rxb1 Qxb1+ 41. Rc1 Qd3 42. Qc2 Qxc2 43. Rxc2 Rb5 44. Ng1 Bd8 45. Nf3 Kf8 46. Ke2 Ke8 47. Ra2 Rb7 48. Be1 Kd7 49. Rc2 Rb3 50. Bf2 Rb4 51. Kd3 Rb3+ 52. Kd2 Ra3 53. Ke2 Ra4 54. Rb2 Kc6 55. Kd3 Ra3+ 56. Kc4 Ra1 57. Rc2 Rd1 58. Ne1 Bb6 59. Nd3 Rf1 60. Ra2 Kc7 61. Ra8 Kd7 62. Rf8 Ke7 63. Rh8 Ra1 64. Nb4 Rc1+ 65. Kd3 Rb1 66. Nc2 Rd1+ 67. Ke2 Rc1 68. Kd2 Rf1 69. Ke2 Rc1 70. Kd2 Rf1 71. Ke2 1/2-1/2

[Event "Montreal Winter Classic"]
[Site "Montreal CAN"]
[Date "2019.01.03"]
[Round "3"]
[White "Hebert, Jean"]
[Black "Sai, Krishna GV"]
[Result "0-1"]
[WhiteElo "2369"]
[BlackElo "2409"]
[PlyCount "112"]
[GameId "2160767908027063"]
[EventDate "2019.01.02"]
[EventType "tourn"]
[EventRounds "9"]
[EventCountry "CAN"]
[SourceTitle "CBM 188 Extra"]
[Source "ChessBase"]
[SourceDate "2019.02.28"]
[SourceVersion "1"]
[SourceVersionDate "2019.02.28"]
[SourceQuality "1"]

1. d4 Nf6 2. c4 g6 3. Nc3 Bg7 4. Bg5 h6 5. Bh4 c5 6. e3 O-O 7. d5 d6 8. Nf3 b5 9. cxb5 a6 10. Nd2 Nbd7 11. bxa6 Ne5 12. Nc4 Nxc4 13. Bxc4 Bxa6 14. Bxa6 Rxa6 15. O-O Qa8 16. Qe2 Rb8 17. Rac1 Rab6 18. b3 Nxd5 19. Nxd5 Qxd5 20. Rfd1 Qb7 21. Rc2 Ra8 22. f3 Rba6 23. h3 Qa7 24. Rdd2 Ra3 25. Bf2 Qa5 26. Qd3 Rc8 27. Qc4 Qa8 28. Qd5 Qb8 29. Qc4 Rc7 30. Qd5 Rca7 31. e4 R7a6 32. f4 R3a5 33. Qc4 Qa8 34. Qe2 e5 35. Bg3 exf4 36. Bxf4 g5 37. Bg3 Bd4+ 38. Kh2 Qe8 39. Qg4 Qe6 40. Qf5 Kg7 41. b4 Qxf5 42. exf5 Ra3 43. bxc5 dxc5 44. Bf2 Bc3 45. Re2 R6a5 46. g4 Kf6 47. Kg2 Bd4 48. Be1 R5a4 49. Bg3 h5 50. Bd6 hxg4 51. hxg4 Ba1 52. Be7+ Kg7 53. Rxc5 Rxg4+ 54. Kh2 Ra8 55. Re3 Bd4 56. f6+ Kg6 0-1

[Event "Montreal Winter Classic"]
[Site "Montreal CAN"]
[Date "2019.01.04"]
[Round "4"]
[White "Wang, Annie"]
[Black "Hebert, Jean"]
[Result "1-0"]
[WhiteElo "2313"]
[BlackElo "2369"]
[PlyCount "91"]
[GameId "2160767908027069"]
[EventDate "2019.01.02"]
[EventType "tourn"]
[EventRounds "9"]
[EventCountry "CAN"]
[SourceTitle "CBM 188 Extra"]
[Source "ChessBase"]
[SourceDate "2019.02.28"]
[SourceVersion "1"]
[SourceVersionDate "2019.02.28"]
[SourceQuality "1"]

1. d4 Nf6 2. c4 c5 3. d5 e6 4. Nc3 exd5 5. cxd5 d6 6. e4 g6 7. h3 Bg7 8. Nf3 O-O 9. Bd3 a6 10. a4 Nbd7 11. O-O Nh5 12. Bg5 Bf6 13. Bd2 Ne5 14. Nxe5 Bxe5 15. f4 Bd4+ 16. Kh2 Ng7 17. g4 f5 18. exf5 gxf5 19. g5 Ne8 20. Qh5 Bd7 21. a5 Bg7 22. Qf3 Nc7 23. Rab1 Nb5 24. Ne2 Rc8 25. Bc4 Re8 26. Ng3 Nd4 27. Qd3 Qe7 28. Rbe1 Qf7 29. Bc3 Rxe1 30. Rxe1 Re8 31. Rf1 Qe7 32. Bxd4 Bxd4 33. Nxf5 Bxf5 34. Qxf5 Qe3 35. g6 Re7 36. gxh7+ Rxh7 37. Qe6+ Kg7 38. Qd7+ Kh8 39. Qc8+ Kg7 40. Qxb7+ Kh6 41. Qc8 Qd2+ 42. Kh1 Rg7 43. Qe6+ Rg6 44. Qe2 Qxa5 45. Bd3 Rf6 46. Qg4 1-0

[Event "Montreal Winter Classic"]
[Site "Montreal CAN"]
[Date "2019.01.04"]
[Round "5"]
[White "Hebert, Jean"]
[Black "Chiku-Ratte, Olivier-Kenta"]
[Result "0-1"]
[WhiteElo "2369"]
[BlackElo "2366"]
[PlyCount "128"]
[GameId "2160767908027073"]
[EventDate "2019.01.02"]
[EventType "tourn"]
[EventRounds "9"]
[EventCountry "CAN"]
[SourceTitle "CBM 188 Extra"]
[Source "ChessBase"]
[SourceDate "2019.02.28"]
[SourceVersion "1"]
[SourceVersionDate "2019.02.28"]
[SourceQuality "1"]

1. d4 Nf6 2. c4 g6 3. Nc3 Bg7 4. e4 d6 5. Nf3 O-O 6. h3 Na6 7. Be3 c6 8. g4 Qa5 9. Nd2 d5 10. exd5 cxd5 11. Bg2 dxc4 12. Nxc4 Qb4 13. Qe2 Be6 14. Ne5 Nc7 15. Nd3 Qa5 16. Nc5 Bd5 17. O-O Bxg2 18. Kxg2 Ncd5 19. Rfc1 Nxc3 20. bxc3 Nd5 21. Nxb7 Qc7 22. Nc5 e5 23. Qf3 Qc6 24. Kg1 Rac8 25. Nd3 Nxc3 26. Qxc6 Rxc6 27. Kf1 exd4 28. Bf4 Re6 29. Rc2 Rfe8 30. Re1 Kf8 31. Rb2 Rb6 32. Rb3 Rxe1+ 33. Kxe1 Nd5 34. Bd2 Rxb3 35. axb3 Ke7 36. Ke2 Kd6 37. Ne1 Nc7 38. Kd3 Kd5 39. Nc2 Ne6 40. Nb4+ Kc5 41. Ke4 Ng5+ 42. Kf4 Nxh3+ 43. Kg3 Ng1 44. Nd3+ Kd5 45. f3 Ne2+ 46. Kf2 Nc3 47. Bf4 h6 48. Bc1 a5 49. Ba3 a4 50. bxa4 Kc4 51. Nf4 Nxa4 52. Bc1 Nc5 53. Ke2 d3+ 54. Kd1 Nb3 55. Be3 Bd4 56. Bd2 Nxd2 57. Kxd2 Bc3+ 58. Ke3 d2 59. Ke2 Kd4 60. Ng2 Ke5 61. Ne3 h5 62. gxh5 gxh5 63. Nd1 Ba5 64. Nf2 Kf4 0-1

[Event "Montreal Winter Classic"]
[Site "Montreal CAN"]
[Date "2019.01.05"]
[Round "6"]
[White "Rodrigue-Lemieux, Shawn"]
[Black "Hebert, Jean"]
[Result "1-0"]
[WhiteElo "2293"]
[BlackElo "2369"]
[PlyCount "43"]
[GameId "2160767908027078"]
[EventDate "2019.01.02"]
[EventType "tourn"]
[EventRounds "9"]
[EventCountry "CAN"]
[SourceTitle "CBM 188 Extra"]
[Source "ChessBase"]
[SourceDate "2019.02.28"]
[SourceVersion "1"]
[SourceVersionDate "2019.02.28"]
[SourceQuality "1"]

1. e4 e6 2. d4 d5 3. Nd2 Nf6 4. e5 Nfd7 5. f4 c5 6. c3 cxd4 7. cxd4 Nc6 8. Ndf3 Nb6 9. Bd3 Bd7 10. a3 a5 11. Ne2 a4 12. O-O h5 13. Qe1 g6 14. Nc3 Na5 15. Qg3 Rg8 16. f5 exf5 17. Nh4 Nb3 18. Bg5 Be7 19. Bxe7 Kxe7 20. Rae1 Be6 21. Nb5 Nd2 22. Qg5+ 1-0

[Event "Montreal Winter Classic"]
[Site "Montreal CAN"]
[Date "2019.01.05"]
[Round "7"]
[White "Hebert, Jean"]
[Black "Ivanov, Mike"]
[Result "1/2-1/2"]
[WhiteElo "2369"]
[BlackElo "2251"]
[PlyCount "23"]
[GameId "2160767908027083"]
[EventDate "2019.01.02"]
[EventType "tourn"]
[EventRounds "9"]
[EventCountry "CAN"]
[SourceTitle "CBM 188 Extra"]
[Source "ChessBase"]
[SourceDate "2019.02.28"]
[SourceVersion "1"]
[SourceVersionDate "2019.02.28"]
[SourceQuality "1"]

1. Nf3 Nc6 2. d4 d5 3. Bf4 Bg4 4. Nbd2 e6 5. e3 Bd6 6. c3 Nge7 7. h3 Bh5 8. Be2 O-O 9. O-O Qd7 10. Bxd6 cxd6 11. e4 Bg6 12. Bd3 1/2-1/2

[Event "Montreal Winter Classic"]
[Site "Montreal CAN"]
[Date "2019.01.06"]
[Round "8"]
[White "Eckert, Doug"]
[Black "Hebert, Jean"]
[Result "1/2-1/2"]
[WhiteElo "2090"]
[BlackElo "2369"]
[PlyCount "51"]
[GameId "2160767908027087"]
[EventDate "2019.01.02"]
[EventType "tourn"]
[EventRounds "9"]
[EventCountry "CAN"]
[SourceTitle "CBM 188 Extra"]
[Source "ChessBase"]
[SourceDate "2019.02.28"]
[SourceVersion "1"]
[SourceVersionDate "2019.02.28"]
[SourceQuality "1"]

1. e4 e6 2. d4 d5 3. Nd2 c5 4. exd5 exd5 5. Ngf3 c4 6. Be2 Nc6 7. O-O Bd6 8. c3 Nf6 9. b3 cxb3 10. axb3 O-O 11. Bd3 Bg4 12. Ba3 Bxa3 13. Rxa3 Re8 14. Qb1 Qd6 15. Ra1 a6 16. Qb2 Nh5 17. Rfe1 Nf4 18. Bf1 Qg6 19. Kh1 Nd3 20. Bxd3 Qxd3 21. Ne5 Nxe5 22. dxe5 Rac8 23. Re3 Qf5 24. f3 Qf4 25. Rae1 Be6 26. b4 1/2-1/2

[Event "Montreal Winter Classic"]
[Site "Montreal CAN"]
[Date "2019.01.06"]
[Round "9"]
[White "Hebert, Jean"]
[Black "Yu, Zong Yang"]
[Result "1/2-1/2"]
[WhiteElo "2369"]
[BlackElo "2377"]
[PlyCount "28"]
[GameId "2160767908027092"]
[EventDate "2019.01.02"]
[EventType "tourn"]
[EventRounds "9"]
[EventCountry "CAN"]
[SourceTitle "CBM 188 Extra"]
[Source "ChessBase"]
[SourceDate "2019.02.28"]
[SourceVersion "1"]
[SourceVersionDate "2019.02.28"]
[SourceQuality "1"]

1. Nf3 Nf6 2. d4 e6 3. c4 b6 4. a3 Ba6 5. Qc2 Bb7 6. Nc3 c5 7. dxc5 bxc5 8. Bg5 Be7 9. e3 O-O 10. Be2 d6 11. O-O a6 12. Rfd1 Qc7 13. h3 h6 14. Bf4 Nc6 1/2-1/2

[Event "Granby"]
[Site "Granby CAN"]
[Date "2018.11.23"]
[Round "1.1"]
[White "Hebert, Jean"]
[Black "Parenteau, Francois"]
[Result "1-0"]
[WhiteElo "2439"]
[BlackElo "1871"]
[PlyCount "113"]
[GameId "2160767908035465"]
[EventDate "2018.11.23"]
[EventType "swiss"]
[EventRounds "5"]
[EventCountry "CAN"]

1. e4 e5 2. Nf3 Nc6 3. Bc4 Bc5 4. d3 Nf6 5. c3 O-O 6. O-O d5 7. exd5 Nxd5 8. Re1 Be6 9. Bb5 Bg4 10. h3 Bxf3 11. Qxf3 Nde7 12. Nd2 Kh8 13. Ne4 Bb6 14. Ng5 Qe8 15. Qh5 h6 16. Bc4 f6 17. Nf7+ Kh7 18. b4 Nd8 19. Bxh6 Nxf7 20. Bd2+ Nh6 21. Qh4 Nef5 22. Qe4 Qg6 23. Qxb7 Rad8 24. Qe4 Nf7 25. Bxf7 Rxf7 26. a4 a5 27. bxa5 Bxa5 28. h4 Nd6 29. Qd5 Bb6 30. a5 Ba7 31. Be3 Bxe3 32. Rxe3 Rff8 33. Qc6 Qf7 34. a6 Qd7 35. Qc5 Ra8 36. a7 Nb5 37. Ra6 c6 38. Re1 Qxd3 39. Rxc6 Nxa7 40. Rc7 Rfc8 41. Re3 Rxc7 42. Qxc7 Qb1+ 43. Kh2 Qb8 44. Qd7 Qc8 45. Qd3+ Kg8 46. Qd5+ Kf8 47. Qd6+ Kf7 48. Qd5+ Ke7 49. Rg3 Kf8 50. Qd6+ Kg8 51. Qxf6 Qf8 52. Qxe5 Rc8 53. Rf3 Qc5 54. Qe6+ Kh8 55. Rf5 Qc7+ 56. g3 g6 57. Qxg6 1-0